Autobiography, Letters and Literary Remains of Mrs. Piozzi (Thrale) (2nd ed.) (2 vols.) : (Record no. 244300)
[ view plain ]
| 000 -LEADER | |
|---|---|
| fixed length control field | 01230cam a22003133a 4500 |
| 001 - CONTROL NUMBER | |
| control field | 15045 |
| 003 - CONTROL NUMBER IDENTIFIER | |
| control field | PGUSA |
| 005 - DATE AND TIME OF LATEST TRANSACTION | |
| control field | 20140828083325.0 |
| 008 - FIXED-LENGTH DATA ELEMENTS--GENERAL INFORMATION | |
| fixed length control field | 050214s2005||||xxu|||||s|||||000 | eng d |
| 040 ## - CATALOGING SOURCE | |
| Original cataloging agency | PGUSA |
| Language of cataloging | eng |
| 042 ## - AUTHENTICATION CODE | |
| Authentication code | dc |
| 050 #4 - LIBRARY OF CONGRESS CALL NUMBER | |
| Classification number | PR |
| 100 1# - MAIN ENTRY--PERSONAL NAME | |
| Personal name | Piozzi, Hester Lynch, |
| Dates associated with a name | 1741-1821 |
| 245 10 - TITLE STATEMENT | |
| Title | Autobiography, Letters and Literary Remains of Mrs. Piozzi (Thrale) (2nd ed.) (2 vols.) : |
| Remainder of title | Edited with notes and Introductory Account of her life and writings |
| Medium | [electronic resource] / |
| Statement of responsibility, etc | Hester Lynch Piozzi |
| 260 ## - PUBLICATION, DISTRIBUTION, ETC. (IMPRINT) | |
| Name of publisher, distributor, etc | Project Gutenberg, |
| Date of publication, distribution, etc | 2005 |
| 506 ## - RESTRICTIONS ON ACCESS NOTE | |
| Terms governing access | Public domain in the USA. |
| 516 ## - TYPE OF COMPUTER FILE OR DATA NOTE | |
| Type of computer file or data note | Electronic text |
| 653 ## - INDEX TERM--UNCONTROLLED | |
| Uncontrolled term | Piozzi, Hester Lynch, 1741-1821 |
| 653 ## - INDEX TERM--UNCONTROLLED | |
| Uncontrolled term | Authors, English -- 18th century -- Biography |
| 653 ## - INDEX TERM--UNCONTROLLED | |
| Uncontrolled term | Thrale, Henry, 1728-1781 -- Marriage |
| 653 ## - INDEX TERM--UNCONTROLLED | |
| Uncontrolled term | Piozzi, Hester Lynch, 1741-1821 -- Correspondence |
| 653 ## - INDEX TERM--UNCONTROLLED | |
| Uncontrolled term | Johnson, Samuel, 1709-1784 -- Friends and associates |
| 653 ## - INDEX TERM--UNCONTROLLED | |
| Uncontrolled term | Women and literature -- England -- History -- 18th century |
| 653 ## - INDEX TERM--UNCONTROLLED | |
| Uncontrolled term | Authors, English -- 18th century -- Correspondence |
| 700 1# - ADDED ENTRY--PERSONAL NAME | |
| Personal name | Hayward, A. |
| Fuller form of name | (Abraham), |
| Dates associated with a name | 1801-1884 |
| 830 #0 - SERIES ADDED ENTRY--UNIFORM TITLE | |
| Uniform title | Project Gutenberg |
| Volume number/sequential designation | 15045 |
| 856 40 - ELECTRONIC LOCATION AND ACCESS | |
| Uniform Resource Identifier | <a href="http://www.gutenberg.org/ebooks/15045">http://www.gutenberg.org/ebooks/15045</a> |
| 942 ## - ADDED ENTRY ELEMENTS (KOHA) | |
| Koha item type | eBooks |
| Withdrawn status | Lost status | Damaged status | Home library | Current library | Date acquired | Total Checkouts | Date last seen | Price effective from | Koha item type |
|---|---|---|---|---|---|---|---|---|---|
| Project Gutenberg | Project Gutenberg | 08/28/2014 | 08/28/2014 | 08/28/2014 | eBooks |